000 00568nam a22001575i 4500
001 48217
003 ES-MaACL
007 t|
008 950710s1845 fr ||||1| fre d
040 _aCAM
_bspa
_cCAM
100 1 _aChavannes de la Giraudière, Hte.
_938242
245 1 0 _aComment on peut cultiver avec succès le murier dans le centre de la France /
_cpar Hte. de Chavannes de la Giraudière...
260 _aParis :
_blibrairie agricole de la Maison Rustique,
_c1845 (
_fimprimerie de Duverger)
300 _a118, [1] p. ;
_c21 cm.
852 _aES-MaACL
_jT-364-F-10
999 _c48217
_d48217